01220nam a2200241 a 4500008004100000020001500041050001700056100002000073245008400093260003200177300002000209350000900229490003900238650001900277650000800296650003700304700001800341995016500359995016500524999001700689952013600706952013600842081209s2005 ||||||||||||||||| || u a0340719591 aTD 883.1 Met aMetcalfe, Sarah10aAtmospheric pollution and environmental changecSarah Metcalfe and Dick Derwent aLondonbHodder Arnoldc2005 axi, 196p.: ill. a0.00 aKey issues in environmental change aAIR--POLLUTION aAIR aPOLLUTION--ENVIRONMENTAL ASPECTS aDerwent, Dick aMAIN LIBRARY OPEN ACCESSD0.00e739929FCBU-MAIN LIBRARY (Kitwe)H1I0.00jTD 883.1 MetM2UAVAILABLEWMay 19, 2009y739929ZMain Library Open Access Collection aMAIN LIBRARY OPEN ACCESSD0.00e739132FCBU-MAIN LIBRARY (Kitwe)H1I0.00jTD 883.1 MetM1UAVAILABLEWJan 30, 2009y739132ZMain Library Open Access Collection c84452d84452 00102lcc4070a001b001cMain Library Open Access Collectiond2024-01-25l0oTD 883.1 Metp739929r2024-01-25t1w2024-01-25y002 00102lcc4070a001b001cMain Library Open Access Collectiond2024-01-25l0oTD 883.1 Metp739132r2024-01-25t2w2024-01-25y002